La concepción spengleriana del derecho. (Record no. 46394)
[ view plain ]
| 000 -LEADER | |
|---|---|
| campo de control de longitud fija | 01051nam a2200253 i 4500 |
| 001 - NÚMERO DE CONTROL | |
| campo de control | 46394 |
| 003 - IDENTIFICADOR DE NÚMERO DE CONTROL | |
| campo de control | ES-MaACL |
| 005 - FECHA Y HORA DE LA ÚLTIMA TRANSACCIÓN | |
| campo de control | 20230906161356.0 |
| 007 - CAMPO FIJO DE DESCRIPCIÓN FÍSICA--INFORMACIÓN GENERAL | |
| campo de control de longitud fija | t| |
| 008 - DATOS DE LONGITUD FIJA--INFORMACIÓN GENERAL | |
| campo de control de longitud fija | 030328s1924 sp ||||1| spa d |
| 245 03 - MENCIÓN DEL TÍTULO | |
| Título | La concepción spengleriana del derecho. |
| 260 ## - PUBLICACIÓN, DISTRIBUCIÓN, ETC. | |
| Lugar de publicación, distribución, etc. | Córdoba, Argentina : |
| Nombre del editor, distribuidor, etc. | Alfredo N. Peryra, |
| Fecha de publicación, distribución, etc. | 1924. |
| 300 ## - DESCRIPCIÓN FÍSICA | |
| Extensión | 136 p. ; |
| Dimensiones | 21 cm. |
| 505 8# - NOTA DE CONTENIDO CON FORMATO | |
| Nota de contenido con formato | Contiene: Palabras preliminares / Raul A. Orgaz. La evolución sociológica del derecho según la doctrina spengleriana / Ernesto Quesada. El derecho de la obra de Oswaldo Spengler ; Las relaciones entre las culturas (traducción) / Enrique Martínez Paz |
| 700 1# - ENTRADA AGREGADA--NOMBRE PERSONAL | |
| Nombre de persona | Orgaz, Raul A. |
| 9 (RLIN) | 200838 |
| 700 1# - ENTRADA AGREGADA--NOMBRE PERSONAL | |
| Nombre de persona | Quesada, Ernesto. |
| 9 (RLIN) | 94558 |
| 700 1# - ENTRADA AGREGADA--NOMBRE PERSONAL | |
| Nombre de persona | Martínez Paz, Enrique. |
| 9 (RLIN) | 78314 |
| 740 0# - ENTRADA AGREGADA--TÍTULO RELACIONADO/ANALÍTICO NO CONTROLADO | |
| Título relacionado o analítico no controlado | Palabras preliminares. |
| 740 3# - ENTRADA AGREGADA--TÍTULO RELACIONADO/ANALÍTICO NO CONTROLADO | |
| Título relacionado o analítico no controlado | La evolución sociológica del serecho según la doctrina spengleriana. |
| 740 3# - ENTRADA AGREGADA--TÍTULO RELACIONADO/ANALÍTICO NO CONTROLADO | |
| Título relacionado o analítico no controlado | El derecho de la obra de Oswaldo Spengler. |
| 740 4# - ENTRADA AGREGADA--TÍTULO RELACIONADO/ANALÍTICO NO CONTROLADO | |
| Título relacionado o analítico no controlado | Las relaciones entre las culturas. |
| 852 ## - LOCALIZACIÓN | |
| Ubicación | ES-MaACL |
| Número de control de estantería | A-491 |
| Sublocalización o colección | R.4914 |
| Estatus retirado | Estado de pérdida | Estado de daño | No para préstamo | Biblioteca de origen | Biblioteca actual | Ubicación en estantería | Fecha de adquisición | Fuente de adquisición | Total de préstamos | Signatura topográfica completa | Código de barras | Visto por última vez | Precio de reemplazo | Tipo de ítem Koha |
|---|---|---|---|---|---|---|---|---|---|---|---|---|---|---|
| Biblioteca del Ateneo de Madrid | Biblioteca del Ateneo de Madrid | Sala Pecera Planta 1 | 17/01/2008 | A-491 | 1048794 | 23/02/2023 | 23/02/2023 | Libro impreso |
